000 01151nam0a22002891 4500
001 rc\2140763
005 20250623092429.0
035 _a(NLR Aleph) 006701932
090 _a5253198
_c5253198
100 _a20110829d1978 |||y0rusy50 ca
101 0 _arus
102 _aRU
105 _ay c |||||
200 1 _aСтандарты и качество
_eРек. указ. лит.
_fСост. С.А. Крючковский
210 _aМосква
_cКнига
_d1978
215 _a29 с.
_d20
225 1 _aНаучно-технические знания - рабочим
_fГос. Публ. библиотека им. М.Е. Салтыкова-Щедрина
_vВып. 16
606 _aПромышленная продукция
_jУказатели литературы
_xКачество
_2psbo
606 _aСтандартизация
_jУказатели литературы
_2psbo
700 1 _aКрючковский
_bС.А.
_gСемен Аркадьевич
801 0 _aRU
_bNLR
_gpsbo
801 1 _aRU
_bELAR
_2rusmarc
852 _aNLR
_jС737-660/К-85
899 _aRuMoRGB
_jБр 180/290
942 _cBOOK
980 _aNB